UBT Library

Human Behavior Social Environment Social Systems Theory (Record no. 51932)

000 -LEADER
fixed length control field 00338nam a22001337a 4500
008 - FIXED-LENGTH DATA ELEMENTS--GENERAL INFORMATION
fixed length control field 181106b xxu||||| |||| 00| 0 eng d
020 ## - INTERNATIONAL STANDARD BOOK NUMBER
International Standard Book Number 9780205159291
041 ## - LANGUAGE CODE
Language code of text/sound track or separate title eng
080 ## - UNIVERSAL DECIMAL CLASSIFICATION NUMBER
Edition identifier 3 th
Universal Decimal Classification number 316
100 ## - Rafti
Rafti 49
101 ## - Shkurtesa
Shkurtesa SOC
245 ## - TITLE STATEMENT
Title Human Behavior Social Environment Social Systems Theory
Statement of responsibility, etc Norlin.J.M
942 ## - ADDED ENTRY ELEMENTS (KOHA)
Source of classification or shelving scheme
Item type Books
Holdings
Withdrawn status Lost status Source of classification or shelving scheme Damaged status Not for loan Collection code Permanent location Current location Shelving location Date acquired Total Checkouts Full call number Barcode Date last seen Price effective from Koha item type
          Koleksioni i përgjithshem UBT - Lipjan UBT - Lipjan Koleksioni i përgjithshem 11/06/2018   316 NOR 002-3018580 11/06/2018 11/06/2018 Books
UBT Library © 2015-2024. All rights reserved University Education for Business and Technology